000
00300nam a2200121Ia 4500
008
191201s2018 xx 000 0 und d
100
_a
AGGRAWAL, Rajneesh
245
0
_a
Computer networks and internet
260
_a
N. delhi
_b
Vikas Pub
_c
2018
300
_a
417
650
_a
B.Tech(CSE)
942
_2
ddc
_c
BK
999
_c
338
_d
338